Spôsob riadenia procesu výroby výrobku obsahujúceho celulózové vlákna

Bibliographic Details
Corporate Author: Akzo Nobel N.V. (Arnhem, Holandsko) (Patent holder)
Other Authors: Nordin, Sofia (Originator), Johnsson, Bo (Originator), Engström, Björn (Originator)
Format: Book
Language:Slovak
PhysicalDescription:7 s. tab. 30 cm
Published: [Banská Bystrica] Úrad priemyselného vlastníctva SR [2008]
Subjects:

MARC

LEADER 00000cam a2200000 a 4500
001 vtls009829804
003 SK-MaSNL
005 20260331204755.0
008 251120s2008 xo a f j f000 0 slo
013 |a 286278  |b ep  |c patent  |d 20080606  |e dátum nadobudnutia účinkov patentu (Vestník ÚPV SR č.: 6/2008)  |d 20080528  |e dátum sprístupnenia patentu 
013 |a 1310-2000  |e číslo prihlášky  |d 19990204  |e dátum podania prihlášky  |d 20010409  |e dátum zverejnenia prihlášky (Vestník ÚPV SR č.: 04/2001) 
013 |a 98850031.0  |e číslo prioritnej prihlášky  |d 19980305  |e dátum podania prioritnej prihlášky  |b EP  |e kód krajiny prioritnej prihlášky 
015 |a SNBN2015 
035 |a (SVKBBclas03)vtls000293290 
040 |a SNK  |b slo  |c SNK  |e AACR2 
041 0 |a slo 
044 |a xo  |c SK 
072 7 |a 674  |x Drevo. Drevársky priemysel  |2 konspekt 
072 7 |a 62  |x Technika všeobecne  |2 konspekt 
080 |a 674.817  |2 2001 
080 |a 62:005.83  |2 2001 
084 |a G01N 21/31  |2 IPC 
084 |a B27N 1/00  |2 IPC 
100 1 |a Nordin, Sofia  |4 org  |9 699109 
245 1 0 |a Spôsob riadenia procesu výroby výrobku obsahujúceho celulózové vlákna  |c Sofia Nordin, Bo Johnsson, Kjörn Engström ; patent. zást. Eva Bušová 
260 |a [Banská Bystrica]  |b Úrad priemyselného vlastníctva SR  |c [2008] 
300 |a 7 s.  |b tab.  |c 30 cm 
650 0 7 |a drevovláknité dosky  |2 SNKPH  |9 1120 
650 0 7 |a Fibreboard sheets  |2 SNKPHeng  |9 597577 
650 0 7 |a výrobné technológie  |2 SNKPH  |9 4198 
650 0 7 |a Manufacturing technology  |2 SNKPHeng  |9 265634 
655 7 |a patenty  |2 SNKPH  |9 177343 
655 7 |a patent licenses  |2 SNKPHeng  |9 303430 
700 1 |a Johnsson, Bo  |4 org  |9 699110 
700 1 |a Engström, Björn  |4 org  |9 567020 
700 1 |a Bušová, Eva  |4 oth  |9 297878 
710 2 |a Akzo Nobel N.V. (Arnhem, Holandsko)  |4 pth  |9 408944 
999 |c 1088515  |d 1090445 
952 |a SNK  |b SNK  |y PREZ  |7 0  |p 17A1159934  |o snkSK 286278  |i snk2015/18171  |8 0  |0 0  |1 0  |4 0  |d 2015-06-10  |l 0  |r 2026-02-24 16:48:58  |w 2026-02-24